Rules of business, Orissa (Record no. 488493)

000 -LEADER
fixed length control field 00312cam a22001097a 4500
008 - FIXED-LENGTH DATA ELEMENTS--GENERAL INFORMATION
fixed length control field 180718b1976 xxu||||| |||| 00| 0 eng d
082 ## - DEWEY DECIMAL CLASSIFICATION NUMBER
Classification number B501x5414 Or4/1976
100 ## - MAIN ENTRY--PERSONAL NAME
Personal name Orissa. Political and Serivices Department
245 ## - TITLE STATEMENT
Title Rules of business, Orissa
260 ## - PUBLICATION, DISTRIBUTION, ETC.
Place of publication, distribution, etc. Bhubaneswar
Name of publisher, distributor, etc. The author
Date of publication, distribution, etc. 1976
300 ## - PHYSICAL DESCRIPTION
Extent 79p.
Holdings
Withdrawn status Lost status Damaged status Not for loan Permanent Location Current Location Date acquired Full call number Barcode Date last seen Price effective from Koha item type
        Indian Institute of Public Administration Indian Institute of Public Administration 2018-08-04 B501x5414 Or4/1976 GG16461 2018-08-04 2018-08-04 GG

Powered by Koha